000 00973nam0a22003011 4500
001 rc\2168487
005 20110826160724.7
035 _a(NLR Aleph) 006534985
090 _a6574546
_c6574546
100 _a20110826d1978 |||y0rusy50 ca
101 0 _arus
102 _aRU
105 _aa z |||||
200 1 _aГорные почвы Северной Осетии
210 _aОрджоникидзе
_cИр
_d1978
215 _a135 с., 2 л. термогр., 1 л. схем.
_cил.
_d16
320 _aБиблиогр.: с. 132-134
606 _aПочвы горные
_yСеверо-Осетинская АССР
_2psbo
686 _aП9(2Р37-6С)034.26,0
_2rubbk
686 _aП034.26,0
_2rubbk
700 1 _aБясов
_bК. Х.
_gКазбек Харитонович
801 0 _aRU
_bNLR
_gpsbo
801 1 _aRU
_bELAR
_2rusmarc
852 _aNLR
_j78-2/3252
899 _aRuMoRGB
_jБ 78-20/917
899 _aRuMoRGB
_jБ 78-20/918
942 _cBOOK
980 _aNB